|
|
|
|
| LEADER |
00595nam a22001697a 4500 |
| 008 |
161003b xxu||||| |||| 00| 0 mal d |
| 020 |
|
|
|a 9788126429363
|c INR
|
| 082 |
|
|
|a 570
|
| 100 |
|
|
|a Varghese Koppara, George.
|
| 245 |
|
|
|a Jaivam jeevanam /
|c George Varghese Koppara
|
| 260 |
|
|
|a Kottayam:
|b D C Books,
|c 2011.
|
| 300 |
|
|
|a 88 p. ;
|
| 650 |
|
|
|a Life
|v Life sciences
|x Biology
|
| 942 |
|
|
|c BK
|
| 546 |
|
|
|a In malayalam
|
| 999 |
|
|
|c 286406
|d 286406
|
| 952 |
|
|
|0 0
|1 0
|4 0
|6 570_000000000000000_VAR_J
|7 0
|9 325137
|a FLK
|b FLK
|c ST1
|d 2016-10-03
|e BK
|g 55.00
|i 3044
|l 0
|o 570 VAR/J
|p FLK3044
|r 2016-10-03
|w 2016-10-03
|y BK
|